| 000 | 00493nam a22001697a 4500 | ||
|---|---|---|---|
| 003 | OSt | ||
| 082 |
_a631.56 _bAKS/STU |
||
| 088 | _aT 518 | ||
| 100 |
_aAkshatha Varma _94981 |
||
| 100 |
_aArdra S _94982 |
||
| 100 |
_aBhagya K C _94983 |
||
| 245 | _aStudy on Drying Kinetics of Moringa leaves using cabinet, fluidized bed and infrared dryer | ||
| 260 |
_aKCAET,Tavanur _bDepartment of processing and food engineering _c2021 |
||
| 300 | _a59 p | ||
| 700 | _aPrince M V (guide) | ||
| 942 | _cPR | ||
| 999 |
_c17407 _d17407 |
||